LEADER 03363nlm0 2200337 450 001 000035833 005 20231027171229.0 010 $a978-88-351-2516-7$beBook-PDF 100 $a20231027d2021----km-y0itay50------ba 101 0 $aita 102 $aIT 105 $a--------001cy 135 $adoug----uuuuu 200 1 $a<>laboratorio per l'innovazione territoriale$brisorsa elettronica$ela quadrupla elica e l'acceleratore transfrontaliero italo-francese per lo sviluppo sostenibile$fIlenia Spadaro 210 $aMilano$cFranco Angeli$d2021 215 $a1 testo elettronico (133 p.) 225 2 $aCittą e territorio$v336 230 $aTesto elettronico 327 1 $aIndice del libro free access:$uhttp://digital.casalini.it/9788835125167 330 $aNon esiste una formula definita per la creazione di un Acceleratore, tantomeno per uno transfrontaliero, ma l'analisi del sistema imprenditoriale e il contesto di totale incertezza e precarietą economica odierna dimostrano l'importanza di sostenere la crescita di nuove idee imprenditoriali - startup. Lo scenario in cui agiscono i giovani, laureati o non, gli aspiranti startupper, e chi alle prime armi ne possiede gią una, č un mondo in continuo cambiamento, dove l'innovazione tecnologica e organizzativa sta portando a una trasformazione radicale dalla produzione di beni a un'economia basata su servizi, sulla diffusione di App e piattaforme online che contribuiscono alla creazione di nuove possibilitą di mercato e di lavoro. In tale ambito si inserisce l'Acceleratore transfrontaliero italo-francese presentato, un nuovo percorso di accelerazione che punta allo sviluppo sostenibile del territorio e del suo tessuto imprenditoriale. L'Acceleratore transfrontaliero italo-francese viene introdotto quale strumento di supporto per formare una nuova figura professionale e accompagnare i giovani nel lancio sul mercato di nuove idee imprenditoriali competitive nel mondo. Solo infatti attraverso la conoscenza č data loro la possibilitą di scegliere responsabilmente la strada migliore da intraprendere per una crescita economica accompagnata da ricadute importanti in termini di sviluppo sostenibile del territorio. Nell'ambito dell'Acceleratore il concetto di quadrupla elica trova la sua collocazione ideale per sviluppare e creare un Laboratorio di innovazione territoriale dove i diversi attori -imprese, ricerca, istituzioni ed esperti- possono collaborare e mettere a fattor comune le proprie competenze per sviluppare nuove tecnologie (processi o servizi), mercati e soluzioni sostenibili. L'Acceleratore per formare giovani competitivi pone l'accento su aspetti, competenze e tematiche prioritarie individuat 410 0$12001$aCittą e territorio$v336 500 10$a<>laboratorio per l'innovazione territoriale$93575901 610 1 $aGiovani$aAttivitą imprenditoriale Startup$aSviluppo$aItalia 676 $a658.11$v23$9Gestione dell'avviamento di imprese 700 1$aSpadaro,$bIlenia$01071374 801 0$aIT$bUNIPARTHENOPE$c20231027$gREICAT$2UNIMARC 856 4 $aData ultima consultazione: 27-10-2023$uhttp://digital.casalini.it/9788835125167$zAccesso limitato alla rete di Ateneo Universitą di Napoli "Parthenope" 912 $a000035833 951 $aEBOOK$b49710$cNAVA1$d2023 996 $aLaboratorio per l'innovazione territoriale$93575901 997 $aUNIPARTHENOPE